All Ninjago Seasons - Statistics

General Stats
  • This quiz has been taken 160 times
  • The average score is 11 of 16
Answer Stats
Hint Answer % Correct
Season 3 Rebooted
87%
Season 6 Skybound
85%
Season 8 Sons of Garmadon
83%
Season 4 Tournament of Elements
82%
Season 9 Hunted
80%
Season 5 Possession
78%
Season 7 The Hands of Time
77%
Season 1 Rise of the snakes
75%
Season 14 Seabound
72%
Season 10 March of the Oni
70%
Season 15 Crystallized
67%
Season 2 Legacy of the Green Ninja
67%
Season 12 Prime Empire
62%
Season 16 Dragons Rising
55%
Season 13 Master of the Mountain
50%
Season 11 Secrets of Forbidden Spinjitzu
34%
No matching quizzes found
Score Distribution
Percent of People with Each Score
Percentile by Number Answered
Your Score History
You have not taken this quiz